| 000 | 00538nam a2200157Ia 4500 | ||
|---|---|---|---|
| 008 | 160316s2006 xxu||||| |||| 00| 0 eng d | ||
| 082 |
_a346.017200 _bSUR |
||
| 100 | _aSuroor Hasan | ||
| 245 | _aA controversial survey on India: India has been judged the sixth most dangerous country for children-even more dangerous than Afghanistan, the Palestinian Territories, Myanmar, and Cheechnya | ||
| 250 | _a | ||
| 260 |
_aMadras _bCED-The Hindu _c2006 |
||
| 300 |
_a2 _b _c |
||
| 365 | _b | ||
| 650 | _a1. Child rights - survey | ||
| 700 |
_a _a |
||
| 999 |
_c36411 _d36411 |
||